Quizzes
Events
Quiz Creation
Community
Videos
Private Events
Remove Ads
Sign In
Join for FREE
Feedback
Dark Mode
Quiz Categories
Sports
Geography
Music
Movies
Television
Just For Fun
Miscellaneous
History
Literature
Language
Science
Gaming
Entertainment
Religion
Holiday
For Kids
Quiz Lab
Recent
Popular Today
Quiz Kudos Today
Editor Picks
Curator Picks
Quizzes by...
Day
Popularity
Type
Ratings
Length
Year
Community
Subscriptions
Recent Discussions
Orange Saloon
Badges
Playlists
Quests
Create
Leaderboards
Showdown
Live 5
Trivia Bingo
Activity
Puzzle Library
Sporcle Events
Private Events
Virtual Trivia
Globe League
Become a Host
Pub Owners
SporcleCon
Opinionation
Our Games
Videos
Blog
Mobile Apps
Partnerships
Remove Ads and Go Orange
Feedback
Television
TV Characters
TV Show
Sitcom
Network
Friends
Reality Shows
Cast
South Park
Star Trek
The Simpsons
Doctor Who
Television
TV Characters
TV Show
Sitcom
Network
Friends
Reality Shows
Cast
South Park
Star Trek
The Simpsons
Doctor Who
Random Quiz
Search Sporcle
×
Quiz Lab
Quiz Lab
Television
Song
Type in answers that appear in a list
Type in answers that appear in a list
Classic
Best Score? Go Orange.
Episodes of Glee Stats
Can you name the Episodes of Glee (as of episode 5.15)?
By
steeb
8m
103 Questions
1,013 Plays
1,013 Plays
1,013 Plays
Comments
Comments
Give Quiz Kudos
Give Quiz Kudos
-
- Ratings
hide this ad
Replay
Link that replays current quiz
Next Quiz
Link to next quiz in quiz playlist
You Got
0%
They Got
Avg Score
62%
Avg Friend Score
Upgrade to see
Score Distribution
Jump to the score distribution portion of the page
Score
0/103
Timer
08:00
0
Plays Today
Episode
Episode Name
% Correct
1.01
Pilot
95.3%
1.13
Sectionals
86.2%
1.04
Preggers
85.4%
1.03
Acafellas
84.6%
1.02
Showmance
83.1%
1.08
Mash-Up
82.4%
1.14
Hell-O
82.4%
1.06
Vitamin D
80%
2.02
Britney/Brittany
79.9%
2.04
Duets
79.3%
1.09
Wheels
79.1%
1.12
Mattress
78.8%
2.22
New York
78.6%
3.21
Nationals
78.1%
1.22
Journey to Regionals
77.8%
2.08
Furt
77.8%
1.05
The Rhodes Not Taken
77.3%
2.05
The Rocky Horror Glee Show
77.3%
2.16
Original Song
77.3%
2.01
Audition
77%
1.15
The Power of Madonna
76.8%
2.18
Born This Way
76.8%
2.14
Blame It on The Alcohol
76.4%
4.06
Glease
75.9%
3.01
The Purple Piano Project
75.8%
2.21
Funeral
75.5%
1.16
Home
74.9%
2.10
A Very Glee Christmas
74.1%
2.03
Grilled Cheesus
74%
4.02
Britney 2.0
73.9%
3.11
Michael
73.8%
4.01
The New Rachel
73.5%
2.20
Prom Queen
73.2%
2.15
Sexy
73.1%
3.06
Mash-Off
73.1%
Episode
Episode Name
% Correct
2.07
The Substitute
72.9%
4.04
The Break-Up
72.4%
3.22
Goodbye
71.7%
2.06
Never Been Kissed
71.6%
2.11
The Sue Sylvester Shuffle
71.6%
2.19
Rumours
71.2%
3.15
Big Brother
70.9%
2.12
Silly Love Songs
70.8%
1.17
Bad Reputation
70.7%
1.21
Funk
70.7%
3.10
Yes/No
70.5%
3.13
Heart
69.2%
3.05
The First Time
69%
3.12
The Spanish Teacher
68.9%
1.11
Hairography
67.7%
1.10
Ballad
67.4%
3.14
On My Way
67.3%
1.20
Theatricality
67.1%
3.04
Pot O' Gold
67.1%
1.19
Dream On
67%
2.17
A Night of Neglect
66.8%
2.09
Special Education
66.4%
3.07
I Kissed a Girl
66.1%
3.16
Saturday Night Glee-ver
65.9%
3.03
Asian F
65.6%
5.03
The Quarterback
65.4%
1.07
Throwdown
64.8%
3.08
Hold On to Sixteen
64.4%
3.02
I Am Unicorn
64.2%
3.19
Prom-asaurus
63.9%
3.20
Props
63.4%
4.03
Makeover
63%
2.13
Comeback
62.8%
1.18
Laryngitis
62.7%
4.16
Feud
62.6%
Episode
Episode Name
% Correct
4.07
Dynamic Duets
62.6%
3.18
Choke
62.4%
4.05
The Role You Were Born To Play
62%
5.01
Love, Love, Love
61.6%
3.09
Extraordinary Merry Christmas
61.3%
3.17
Dance With Somebody
61.3%
4.17
Guilty Pleasures
60.8%
4.08
Thanksgiving
60.6%
4.13
Diva
60.5%
4.10
Glee, Actually
60.2%
4.14
I Do
59.4%
4.18
Shooting Star
58%
4.11
Sadie Hawkins
57.8%
5.02
Tina in the Sky with Diamonds
56.1%
4.21
Wonder-ful
55.2%
4.22
All or Nothing
54.8%
4.20
Lights Out
54.6%
4.09
Swan Song
54.1%
5.04
A Katy or a Gaga
53.6%
4.12
Naked
52.8%
4.15
Girls (and Boys) On Film
52.2%
5.12
100
51.7%
5.08
Previously Unaired Christmas
46.9%
4.19
Sweet Dreams
44.3%
5.06
Movin' Out
42.9%
5.05
The End of Twerk
42.5%
5.14
New New York
42.2%
5.15
Bash
40.8%
5.07
Puppet Master
39.9%
5.13
New Directions
39.4%
5.10
Trio
38.8%
5.11
City of Angels
35.7%
5.09
Frenemies
34.7%
Quiz Playlist
Details
Report
Send in Message
Add To Playlist
Classic:
Type in answers that appear in a list
Last Updated: Dec 25, 2018
Quiz Scoreboard
CHALLENGE
Sign Up to Join the Scoreboard
Show All
Scores
Hide
Comments
May contain spoilers
Recently Published
Movies - When Are They Set?
by FPL_Elf
Movies
5m
Popular People in 1961
by mucciniale
History
6m
1-10 Letter E Words III
by El_Dandy
Language
2m
More to Explore
Quiz From the Vault
Featured Blog Post
Where Did the Easter Bunny Come From?
hide this ad
You Might Also Like...
Tags
Song Quiz
episode
Glee
sample
Today's Top Quizzes in Television
Browse Television
hide this ad
Today's Top Quizzes in Song
Browse Song
Top Contributed Quizzes in Television
1
One Piece Logic Puzzle
2
Survivor Logic Puzzle: Heroes vs. Villains
3
Survivor Seasons
4
Survivor Season by Logo
5
Survivor Trivia
6
One Thing in Common: Television
7
Who Wants to Be a Millionaire?
8
Survivor Logic Puzzle: Winners at War
9
Ultimate Survivor Logic Puzzle
10
Phoebe Buffay Quotes
Explore More
Trending Topics
Harry Potter
Marvel
Crossword
Kpop
NBA
Disney
Anime
NFL
WWE
Pokémon
Song
The Office
Soccer
Puzzle
Country
hide this ad
More By:
steeb
Quiz
Plays
Rating
Category
Featured
Created
Most Covered Artists on Glee
1,151
4.17
Television
Jan 23, 2012
Episodes of Glee
1,013
4.20
Television
Feb 3, 2012
Go to Creator's Profile
Score Distribution
Quiz Creator Spotlight
steeb
Follow
Send a Message
Quizzes Created
-
Created Quiz Play Count
-
More By This Creator
Popular Quizzes Today
1
Find the Countries of Europe - No Outlines Minefield
2
Find the US States - No Outlines Minefield
3
The Countries of the World
4
Popular People in 1961
5
1-10 Letter E Words III
6
US States
7
Find the US States
8
One Thing in Common: World Cities II
More Television Quizzes
Claires on TV
Quiz Lab
Trending Quizzes
Risky Map Clicking: Least Populous States A-Z
Humor Books: The Subtitles
1-10 Letter F Words
1-10 Letter G Words
One Thing in Common: United Kingdom
Recently Updated
Leaping Animals
pecheneg
Reality TV Shows (A-Z)
bhenderson79
Rickey Henderson's Hall of Fame Teammates
pecheneg
Champions League XIs: Arsenal
pecheneg
Quick Pick: Celebrities in WWE's Hall of Fame
aduchscher
A-Z Keypad Blitz II
pecheneg
Multiple Oscar Actors
pecheneg
Mystery Phrase Blitz: Oscar 'Best Actors'
pecheneg
F. Scott Fitzgerald Novels
LTH
Pick 3 Villains
ddd62291
Trending Topics
Harry Potter
Marvel
Disney
NBA
Crossword
Kpop
Anime
Song
Puzzle
Country
NFL
The Office
WWE
Soccer
Pokémon
Your Account Isn't Verified!
In order to create a playlist on Sporcle, you need to verify the email address you used during registration. Go to your
Sporcle Settings
to finish the process.
Report this User
Report this user for behavior that violates our
Community Guidelines
.
Details:
Send Report
Go to the Sporcle.com Mobile Site →
Comments